|
|
|
|
| LEADER |
00000ny a22000003n 4500 |
| 005 |
20110530103538.0 |
| 008 |
030303s2003 sp s 001 0 spa d |
| 017 |
|
|
|a D.L.SE.23-2003
|
| 020 |
|
|
|a 9788497720182
|
| 035 |
|
|
|a 198
|
| 040 |
|
|
|a BUS
|d vLex
|
| 040 |
|
|
|a UMA.DER
|d vLex
|
| 090 |
|
|
|c 348
|d 348
|
| 100 |
1 |
|
|a Rodrg̕uez Tirado, Ana Mara̕
|
| 245 |
1 |
3 |
|a El interrogatorio de testigos
|h [Recurso electrn̤ico]
|b en la Ley 1-2000, de 7 de enero de enjuiciamiento civil /
|c Aba Mara̕ Rodrg̕uez Tirado
|
| 256 |
|
|
|a Servicio en ln̕ea
|
| 260 |
|
|
|a Madrid :
|b Dykinson ;
|a Cd̀iz :
|b Universidad de Cd̀iz,
|c D.L. 2003
|
| 300 |
|
|
|a 188 p.;
|c 21 cm
|
| 506 |
1 |
|
|a Contenido solo disponible en los productos indicados
|d vLex Global
|d vLex Global (Academic Edition, excluding Law Schools)
|d vLex Global (U.S. Academic Edition, Law Schools)
|d vLex Global (U.S. Academic Edition, excluding Law Schools)
|d vLex Global (Academic Edition, Law Schools)
|
| 650 |
0 |
7 |
|a Procesal
|2 Tesauro vLex
|
| 650 |
0 |
7 |
|a Testimonio
|2 Tesauro vLex
|
| 650 |
0 |
7 |
|a Medios de prueba
|2 Tesauro vLex
|
| 650 |
0 |
7 |
|a Prueba testifical
|2 Tesauro vLex
|
| 650 |
0 |
7 |
|a Interrogatorio en juicio
|2 Tesauro vLex
|
| 710 |
2 |
|
|a Universidad de Cd̀iz.
|b Servicio de publicaciones
|
| 740 |
0 |
|
|a vLex Libros (Servicios en ln̕ea)
|
| 856 |
4 |
0 |
|u http://vlex.com/source/198
|z Acceso restringido
|
| 942 |
|
|
|c BOOK
|
| 999 |
0 |
|
|a Procedure (Law)
|b Madrid
|